000 00372nam a2200145Ia 4500
008 210716s1996 xx 000 0 und d
041 _aeng
082 _a004.69 PERP
100 _aPerry,Paul J.
245 _aWorld wide web secrets.
250 _a1
260 _aNew Delhi
_bComdex computer publishing
_c1996
300 _aXXVIII,705,5
650 _aInternet / Mutimedia
999 _c183133
_d183133